Global office indices marketview (Record no. 83825)

MARC details
000 -LEADER
fixed length control field 01042cad a22002055a 4500
001 - CONTROL NUMBER
control field L155138
008 - FIXED-LENGTH DATA ELEMENTS--GENERAL INFORMATION
fixed length control field 120306s2012 xxk 000 0 eng d
035 ## - SYSTEM CONTROL NUMBER
System control number (Sirsi) u155138
041 0# - LANGUAGE CODE
Language code of text/sound track or separate title eng
110 2# - MAIN ENTRY--CORPORATE NAME
Corporate name or jurisdiction name as entry element CB Richard Ellis
9 (RLIN) 3675
245 00 - TITLE STATEMENT
Title Global office indices marketview
Remainder of title stabilized growth
260 ## - PUBLICATION, DISTRIBUTION, ETC.
Place of publication, distribution, etc. [S.I.]
Name of publisher, distributor, etc. CBRE
Date of publication, distribution, etc. 2012
490 #0 - SERIES STATEMENT
Series statement CBRE Global Office Indices Marketview
Volume/sequential designation Q4 2011
520 ## - SUMMARY, ETC.
Summary, etc. CBRE global rent and global capital value indices for office properties held steady in Q4 2011, increasing 0.48% and 0.44% respectively, similar to their growth pace in Q3 2011. The recovery in the global office market from an investor's perspective has been delayed but not denied. Graphs cover the CBRE global office rent, and global office capital indices.
590 ## - LOCAL NOTE (RLIN)
Local note KA
651 #4 - SUBJECT ADDED ENTRY--GEOGRAPHIC NAME
Geographic name International
690 ## - LOCAL SUBJECT ADDED ENTRY--TOPICAL TERM (OCLC, RLIN)
Topical term or geographic name as entry element Commercial property
9 (RLIN) 6227
856 40 - ELECTRONIC LOCATION AND ACCESS
Uniform Resource Identifier <a href="https://www.cbre.co.uk/portal/page/portal/emea_en/research">https://www.cbre.co.uk/portal/page/portal/emea_en/research</a>
Public note View the report (type Global office in the keyword box and click on search) at www.cbre.co.uk
942 ## - ADDED ENTRY ELEMENTS (KOHA)
Suppress in OPAC 0
Holdings
Withdrawn status Lost status Source of classification or shelving scheme Damaged status Not for loan Home library Current library Shelving location Date acquired Total Checkouts Full call number Barcode Date last seen Copy number Price effective from Koha item type
    Dewey Decimal Classification     Virtual Virtual Online 06/03/2012   ONLINE PUBLICATION 155138-2001 06/08/2019 1 06/08/2019 Book